00760 2200229 4500001002100000005001500021035002000036007000300056008004100059020002200100082001100122084001700133100001300150245008300163250001100246260004500257300003800302650001500340700001800355520014100373990001600514INLIS00000000000000820220607082411 a0010-0322000008ta220607 b 0 ind  a978-602-01-2601-2 a510.76 a510.76 LAS b0 aLastiono1 aBuku Ringkasan Materi dan Latihan BRILIAN Matematika SD/MI Kelas 4 /cLastiono aRevisi aBandung :bGrafindo Media Pratama,c2021 a170 halaman :bilustrasi ;c25 cm 4aMatematika0 aDini Setiasih aBRILIAN Matematika 4 disusun untuk SD/MI Kelas IV disusun berdasarkan Kompetensi Inti dan Kompetensi Dasar Kurikulum 2013 (Edisi Revisi) a00000000008